Safety at Work (Record no. 63381)

000 -LEADER
fixed length control field 00495nam a22001937a 4500
003 - CONTROL NUMBER IDENTIFIER
control field NUST - PNEC
005 - DATE AND TIME OF LATEST TRANSACTION
control field 20170116180811.0
008 - FIXED-LENGTH DATA ELEMENTS--GENERAL INFORMATION
fixed length control field 150504b xxu||||| |||| 00| 0 eng d
020 ## - INTERNATIONAL STANDARD BOOK NUMBER
International Standard Book Number 0750607467
040 ## - CATALOGING SOURCE
Transcribing agency LIBRARY
082 ## - DEWEY DECIMAL CLASSIFICATION NUMBER
Classification number 363.11 JOH
100 ## - MAIN ENTRY--PERSONAL NAME
9 (RLIN) 3388
Personal name Ridley John.
245 ## - TITLE STATEMENT
Title Safety at Work
Statement of responsibility, etc. John Ridley
250 ## - EDITION STATEMENT
Edition statement 4th ed.
260 ## - PUBLICATION, DISTRIBUTION, ETC.
Place of publication, distribution, etc. London:
Name of publisher, distributor, etc. Butter worth,
Date of publication, distribution, etc. c 1994.
300 ## - PHYSICAL DESCRIPTION
Extent 794 p . :
650 ## - SUBJECT ADDED ENTRY--TOPICAL TERM
9 (RLIN) 3389
Topical term or geographic name entry element Safety at work
General subdivision Industrial safety.
942 ## - ADDED ENTRY ELEMENTS (KOHA)
Source of classification or shelving scheme
Koha item type Book
Holdings
Withdrawn status Lost status Source of classification or shelving scheme Damaged status Not for loan Permanent Location Current Location Shelving location Date acquired Source of acquisition Cost, normal purchase price Total Checkouts Full call number Barcode Date last seen Cost, replacement price Price effective from Koha item type
          Pakistan Navy Engineering College (PNEC) Pakistan Navy Engineering College (PNEC)   01/07/1999 Abrar & Sons ( Library Grant ) 2913.00   363.11 JOH PNECLIB-020309 05/04/2015 2913.00 01/07/1999 Book
© 2023 Central Library, National University of Sciences and Technology. All Rights Reserved.